Loading...
Economic reforms in India and abroad
| Main Author: | |
|---|---|
| Language: | English |
| Published: |
Bombay
HImalaya publishing house
1992
|
| Subjects: |
| LEADER | 00388nam a22001457a 4500 | ||
|---|---|---|---|
| 003 | OSt | ||
| 008 | 100128t xxu||||| |||| 00| 0 eng d | ||
| 080 | |a 330(540) |b FRA | ||
| 100 | |a Francis Cherunilam |9 10130 | ||
| 245 | |a Economic reforms in India and abroad | ||
| 260 | |a Bombay |b HImalaya publishing house |c 1992 | ||
| 300 | |a 104p. | ||
| 653 | |a Economic reforms | ||
| 942 | |c BK |6 _ | ||
| 999 | |c 125489 |d 125489 | ||